Technika dokumentové telegrafie

Salvato in:
Dettagli Bibliografici
Autori principali: Kubín, Boris (Autore), Šrámek, Jiří (Autore)
Natura: Libro
Lingua:ceco
Pubblicazione: Praha : NADAS, 1984
Tags: Aggiungi Tag
Nessun Tag, puoi essere il primo ad aggiungerne!!

MARC

LEADER 00000nam a22000003a 4500
001 stu92011
005 20150617225622.2
008 041208s1984----cs------------------cze-d
040 |a STU  |b slo 
041 0 |a cze 
044 |a cs 
080 |a 621.394 
100 1 |a Kubín, Boris  |4 aut 
245 1 |a Technika dokumentové telegrafie 
260 |a Praha :  |b NADAS,  |c 1984 
300 |a 312 s 
700 1 |a Šrámek, Jiří  |4 aut 
996 |b E55738  |c E*55738  |l EE16  |s P  |a 0  |w stu92011_0001